Central Library OPAC University of Rajshahi
Normal view MARC view

Entry Personal Name

Number of records used in: 3

001 - CONTROL NUMBER

  • control field: 5779

003 - CONTROL NUMBER IDENTIFIER

  • control field: BD-RjUL

005 - DATE AND TIME OF LATEST TRANSACTION

  • control field: 20221110102027.0

008 - FIXED-LENGTH DATA ELEMENTS

  • fixed length control field: 221110|| aca||aabn | a|a d

040 ## - CATALOGING SOURCE

  • Original cataloging agency: BD-RjUL
  • Transcribing agency: BD-RjUL

100 ## - HEADING--PERSONAL NAME

  • Personal name: ‏قاري الهروي، علي بن سلطان محمد. ## Qārī al-Harawī, ʻAlī ibn Sulṭān Muḥammad,
  • Dates associated with a name: -1605 or 1606

670 ## - SOURCE DATA FOUND

  • Source citation: Work cat.: (BD-RjUL)80744: ‏قاري الهروي، علي بن سلطان محمد. ## Qārī al-Harawī, ʻAlī ibn Sulṭān Muḥammad, -1605 or 1606., جمع الوسائل في شرح الشمائل /‏ # # Jamʻ al-wasāʼil fī sharḥ al-Shamāʼil /